00586nam a2200169 a 450000500170000000800410001702000180005805000190007610000200009524500680011526000620018365000140024565000140025965000130027399900190028695201110030520140412111243.0001111s19uu xx 00 eng d a0-938587-20-X aTR(GS 516bKOM aKomarc, Marilyn aExploring with polydrons, bk.1 /cMarilyn Komarc and Gwen Clay. aNew Rochelle, NY :bCuisenaire Comp., America Inc,c1991. aPolydrons aPolyhedra aGeometry c102833d102833 00104050aELbELcTRd2000-11-11eDonationl0oTR(GS 516 KOMpE2931r2014-04-12 00:00:00w2014-04-12yBK